• 首页
  • 本馆介绍
  • 公告通知
  • 最新文献
  • 馆藏检索
  • 电子资源
  • 读者导购
  • 参考咨询
  • 我的图书馆
  • 登录
  • 详细信息显示
  • 放入我的书架
  • 预约/预借图书
  • 作者相关作品
  • 分类相关作品
  • 丛书相关作品
  • 出版社相关作品

书目信息

  • 表格格式
  • 工作单格式
  • 卡片格式
题名:
注册消防工程师资格考试辅导用书
    
 
作者: 郑磊 , 葛磊 主编
分册:  
出版信息: 北京   应急管理出版社  2019
页数: 490页
开本: 26cm
丛书名:
单 册:
中图分类: TU998.1
科图分类:
主题词: 消防--xiao fang--安全技术--资格考试--自学参考资料
电子资源:
ISBN: 978-7-5020-7446-3
000 01497nam0 2200265 450
001 012001003142
005 20140101100038.0
010    @a978-7-5020-7446-3@dCNY98.00
099    @aCAL 012019112927
100    @a20190917d2019 em y0chiy50 ea
101 0  @achi
102    @aCN@b110000
105    @aak z 000yy
106    @ar
200 1  @a注册消防工程师资格考试辅导用书@Azhu ce xiao fang gong cheng shi zi ge kao shi fu dao yong shu@e三合一@f郑磊, 葛磊主编
210    @a北京@c应急管理出版社@d2019
215    @a490页@c图@d26cm
300    @a高分攻略 2019年版
330    @a高分攻略是注册消防工程师资格考试辅导用书, 本书在对历年考试真题进行系统的、细致的分析的情况下, 根据考试的规律, 对官方教材和消防相关规范中的知识点进行精选、总结、提炼汇集而成, 在涵盖绝大部分考点的基础上突出了重点, 同时对重点、难点进行解析, 为读者的学习节省时间; 本书采用思维导图的方式, 建立知识框架, 并用表格的形式排列知识点, 帮助读者理顺各知识点之间的主从关系, 纲举则目张, 便于读者迅速理解消防知识的结构, 才能循序渐进的掌握考点, 避免了死记硬背、生搬硬套; 书中将历年真题重新规划排列, 附在相关知识点后, 便于广大考生快速熟悉真题的出题套路, 尽快掌握知识点的应用方式。同时本书还提供更多增值服务下载, 不仅适合零基础考生学习, 更适合具备一定基础的考生冲刺, 真正做到了“一本在手, 通关无忧”。
606 0  @a消防@Axiao fang@x安全技术@x资格考试@j自学参考资料
690    @aTU998.1@v5
701  0 @a郑磊@Azheng lei@4主编
701  0 @a葛磊@Age lei@4主编
801  0 @aCN@b北京卓展@c20191020
905    @b1210537-40@dTU998.1@e1551@f4
    
    注册消防工程师资格考试辅导用书:三合一/郑磊, 葛磊主编.-北京:应急管理出版社,2019
    490页:图;26cm
    高分攻略 2019年版
    
    ISBN 978-7-5020-7446-3:CNY98.00
    高分攻略是注册消防工程师资格考试辅导用书, 本书在对历年考试真题进行系统的、细致的分析的情况下, 根据考试的规律, 对官方教材和消防相关规范中的知识点进行精选、总结、提炼汇集而成, 在涵盖绝大部分考点的基础上突出了重点, 同时对重点、难点进行解析, 为读者的学习节省时间; 本书采用思维导图的方式, 建立知识框架, 并用表格的形式排列知识点, 帮助读者理顺各知识点之间的主从关系, 纲举则目张, 便于读者迅速理解消防知识的结构, 才能循序渐进的掌握考点, 避免了死记硬背、生搬硬套; 书中将历年真题重新规划排列, 附在相关知识点后, 便于广大考生快速熟悉真题的出题套路, 尽快掌握知识点的应用方式。同时本书还提供更多增值服务下载, 不仅适合零基础考生学习, 更适合具备一定基础的考生冲刺, 真正做到了“一本在手, 通关无忧”。
●
相关链接 在E读中查询图书 在五车中查询图书 在当当中查询图书 在豆瓣中查询图书


正题名:注册消防工程师资格考试辅导用书     索取号:TU998.1/1551         预约/预借

序号 登录号 条形码 馆藏地/架位号 状态 备注
1 1210537   212105372   第二样本阅览室/ [索取号:TU998.1/1551] 在馆    
2 1210538   212105381   第三借阅区/ [索取号:TU998.1/1551] 在馆    
3 1210539   212105390   第三借阅区/ [索取号:TU998.1/1551] 在馆    
4 1210540   212105407   第三借阅区/ [索取号:TU998.1/1551] 在馆    
唐山师范学院图书馆 欢迎您!
大连网信软件有限公司© 版权所有